| 000 | 00391nam a2200133Ia 4500 | ||
|---|---|---|---|
| 008 | 220216s9999 xx 000 0 und d | ||
| 100 | _aDuck E W | ||
| 245 | 0 | _aBlends of polybutadiene with vinyl polymers | |
| 260 | _bProceedings of the International Rubber Conference, London, 1967, p359-376 | ||
| 650 | _aPolybutadiene | ||
| 650 | _aVinyl polymers | ||
| 700 | _aMilner P W | ||
| 942 | _cJS | ||
| 999 |
_c54868 _d54868 |
||